Spotrebiteľská politika praktikum

Guardado en:
Detalles Bibliográficos
Otros Autores: Orgonáš, Jozef, 1957-
Formato: Libro
Lenguaje:eslovaco
Publicado: Bratislava Vydavateľstvo EKONÓM 2015
Edición:1. vyd.
Etiquetas: Agregar Etiqueta
Sin Etiquetas, Sea el primero en etiquetar este registro!

MARC

LEADER 00000nam a2200000 4500
001 0213534
005 20240822101656.9
020 |a 978-80-225-4217-3 
041 0 |a slo 
044 |a SK 
245 1 0 |a Spotrebiteľská politika  |b praktikum  |c zostavil: Jozef Orgonáš 
250 |a 1. vyd. 
264 1 |a Bratislava  |b Vydavateľstvo EKONÓM  |c 2015 
300 |a 173 s. [7,60 AH] 
700 1 |a Orgonáš, Jozef, 1957-